Gaming Quiz

Random Gaming or Board Games Quiz

Tabletop Game Match-Up Quiz Stats

Quiz Updated Aug 26, 2016

Also try: Childhood Games
Challenge
Share
Tweet
Score 0/20 Timer 02:00
11 Plays Today
% Correct
Pict
97.1%
Chec
96.6%
Bac
96.2%
Mono
96%
Yaht
95.7%
Scra
95.7%
Batt
95.5%
Oper
95.1%
Mah
93.5%
Jen
92%
% Correct
Scatte
91.9%
Maste
91.6%
Trou
91.3%
Sor
89.5%
Cra
89.1%
Ri
89%
Stra
87.2%
Ta
86.5%
Par
85.3%
Man
78.1%

You're not logged in!

Compare scores with friends on all Sporcle quizzes.
Sign Up with Email
OR
Log In

You Might Also Like...

Show Comments

Extras

Top Quizzes Today


Score Distribution

Your Account Isn't Verified!

In order to create a playlist on Sporcle, you need to verify the email address you used during registration. Go to your Sporcle Settings to finish the process.